[Event "Soacha op-B"]
[Site "Soacha"]
[Date "2021.09.10"]
[Round "4"]
[White "Moreno Mora, Jaime Alberto"]
[Black "Pena Salamanca, Juan Sebastian"]
[Result "1-0"]
[WhiteElo "1870"]
[BlackElo "1516"]
[PlyCount "64"]
[EventDate "2021.09.08"]
[EventType "swiss"]
[EventRounds "9"]
[EventCountry "COL"]
[SourceTitle "CBM 204 Extra"]
[Source "ChessBase"]
[SourceDate "2021.11.30"]
[SourceVersion "1"]
[SourceVersionDate "2021.11.30"]
[SourceQuality "1"]

1. d4 d5 2. c4 c6 3. Nc3 Nf6 4. Nf3 Bg4 5. e3 e6 6. Bd3 Bd6 7. h3 Bf5 8. Bxf5 exf5 9. Qb3 b6 10. cxd5 cxd5 11. Bd2 Bc7 12. Rc1 a6 13. Qc2 g6 14. Na4 Bd6 15. Qc8 Nbd7 16. Qxd8+ Kxd8 17. Rc6 Bc7 18. Ng5 Kc8 19. Nxf7 Kb7 20. Rc2 Rhe8 21. Ke2 Re7 22. Rhc1 Bf4 23. Kf3 Rxf7 24. Kxf4 a5 25. Rc7+ Ka6 26. R1c6 Raf8 27. Nc5+ Nxc5 28. dxc5 Rxc7 29. Rxc7 g5+ 30. Ke5 Ne4 31. Bc3 Nxc5 32. Rxh7 Nd3+ 1-0

[Event "Uniagraria AlphaZero op 2nd"]
[Site "Uniagraria"]
[Date "2019.11.11"]
[Round "7"]
[White "Moreno Mora, Jaime Alberto"]
[Black "Acosta Nunez, Miguel Antonio"]
[Result "1-0"]
[WhiteElo "1875"]
[BlackElo "1741"]
[PlyCount "34"]
[EventDate "2019.11.08"]
[EventType "swiss"]
[EventRounds "7"]
[EventCountry "COL"]
[SourceTitle "CBM 193 Extra"]
[Source "ChessBase"]
[SourceDate "2020.01.31"]
[SourceVersion "1"]
[SourceVersionDate "2020.01.31"]
[SourceQuality "1"]

1. e4 c5 2. Nf3 e6 3. d4 cxd4 4. Nxd4 a6 5. Bd3 Qc7 6. 0-0 Nc6 7. Be3 Nf6 8. Nc3 h5 9. Kh1 Ng4 10. Qe2 Nb4 11. g3 Nxd3 12. Qxd3 Nxe3 13. fxe3 Bd6 14. Ncb5 axb5 15. Nxb5 Qc6 16. Nxd6+ Kf8 17. Rxf7+ Kg8 1-0

[Event "Uniagraria AlphaZero op 2nd"]
[Site "Uniagraria"]
[Date "2019.11.09"]
[Round "2"]
[White "Otalora Pacheco, Carlos Eduardo"]
[Black "Moreno Mora, Jaime Alberto"]
[Result "1-0"]
[WhiteElo "2193"]
[BlackElo "1875"]
[PlyCount "85"]
[EventDate "2019.11.08"]
[EventType "swiss"]
[EventRounds "7"]
[EventCountry "COL"]
[SourceTitle "CBM 193 Extra"]
[Source "ChessBase"]
[SourceDate "2020.01.31"]
[SourceVersion "1"]
[SourceVersionDate "2020.01.31"]
[SourceQuality "1"]

1. d4 d5 2. c4 c6 3. Nc3 Nf6 4. Nf3 Bf5 5. cxd5 Nxd5 6. Qb3 Qb6 7. Nxd5 Qxb3 8. Nc7+ Kd8 9. axb3 Kxc7 10. Ne5 Be6 11. Nc4 Nd7 12. Bf4+ Kc8 13. e4 Bxc4 14. Bxc4 e6 15. Ke2 Nf6 16. f3 Be7 17. g4 b5 18. Bd3 Rd8 19. Rhc1 Kd7 20. Ra6 Rdc8 21. g5 Nh5 22. Be3 Bd8 23. Raxc6 Rxc6 24. Bxb5 Rb8 25. Bxc6+ Ke7 26. d5 Bc7 27. Ba4 Nf4+ 28. Kf1 Bd6 29. Bxa7 Rb7 30. Bd4 f6 31. Rc3 exd5 32. gxf6+ gxf6 33. Re3 dxe4 34. Rxe4+ Kf7 35. Bc3 Nh3 36. Rh4 Ng5 37. f4 Ne6 38. Rxh7+ Ng7 39. Rh6 Be7 40. Bc6 Nf5 41. Rh7+ Kg6 42. Bxb7 Kxh7 43. Be4 1-0

[Event "COL-ch Amateur U2000"]
[Site "Bogota"]
[Date "2017.03.04"]
[Round "5"]
[White "Ossa, Vladimir"]
[Black "Moreno Mora, Jaime Alberto"]
[Result "1-0"]
[WhiteElo "1970"]
[BlackElo "1902"]
[PlyCount "61"]
[EventDate "2017.03.02"]
[EventType "swiss"]
[EventRounds "7"]
[EventCountry "COL"]
[SourceTitle "CBM 177 Extra"]
[Source "ChessBase"]
[SourceDate "2017.04.27"]
[SourceVersion "1"]
[SourceVersionDate "2017.04.27"]
[SourceQuality "1"]

1. e4 c6 2. d4 d5 3. e5 Bf5 4. g4 Bg6 5. Nh3 e6 6. Be3 Nd7 7. Nd2 c5 8. c3 Qb6 9. Qb3 c4 10. Qxb6 Nxb6 11. Nf4 Rc8 12. h4 Bc2 13. g5 Ne7 14. Bh3 Nf5 15. Rc1 Nxe3 16. fxe3 Ba4 17. h5 g6 18. Bg4 Rg8 19. hxg6 hxg6 20. Rh7 Bd7 21. Ke2 Na4 22. e4 Be7 23. exd5 Bxg5 24. dxe6 fxe6 25. Ne4 Be7 26. Nxg6 Kd8 27. Nxe7 Rxg4 28. Nf6 Rg2+ 29. Kf3 Rxb2 30. Nxc8 Kxc8 31. Rxd7 1-0

[Event "Pan American Amateur-ch"]
[Site "San Andres Islas"]
[Date "2014.08.27"]
[Round "3"]
[White "Ossa Ramirez, Jesus Antonio"]
[Black "Moreno Mora, Jaime Alberto"]
[Result "1-0"]
[WhiteElo "1732"]
[BlackElo "1925"]
[PlyCount "53"]
[EventDate "2014.08.26"]
[EventType "swiss"]
[EventRounds "9"]
[EventCountry "COL"]
[SourceTitle "EXT 2016"]
[Source "ChessBase"]
[SourceDate "2015.10.08"]
[SourceVersion "1"]
[SourceVersionDate "2015.10.08"]
[SourceQuality "1"]

1. e4 e5 2. Nf3 Nc6 3. Bc4 Be7 4. d3 Nf6 5. Nc3 0-0 6. h3 a6 7. a3 b5 8. Ba2 Bb7 9. Bg5 b4 10. axb4 Bxb4 11. Qd2 d6 12. Nh4 Nd4 13. 0-0 h6 14. Bxf6 Qxf6 15. Nf5 Nxf5 16. exf5 Qxf5 17. Rae1 Qg6 18. f3 Kh8 19. Re2 f5 20. Qd1 c6 21. Na4 Rad8 22. c3 Ba5 23. Bb1 Bc7 24. d4 Qg3 25. Qe1 Qg5 26. h4 Qg6 27. g4 1-0